000 00603nam a2200193 i 4500
001 48855
003 ES-MaACL
005 20250808020342.0
007 t|
008 030701s1957 sp ||||1| spa d
100 1 _aCordero, Virgilio N.
_940516
245 1 0 _aBataán y la marcha de la muerte /
_cVirgilio N. Cordero.
260 _aMadrid :
_bAfrodisio Aguado,
_c[1957] (
_eValencia :
_fTip. Moderna)
300 _a180 p., 10 lám. ;
_c24 cm.
490 1 _aVida e historia ;
_v7
830 0 0 _aVida e historia
_v7
_9180776
852 _aES-MaACL
_jC-13234
_bR.41007
999 _c48855
_d48855